| 000 | 00468nam a2200181Ia 4500 | ||
|---|---|---|---|
| 008 | 230917s9999||||xx |||||||||||||| ||und|| | ||
| 020 | _cRS 375.00 | ||
| 040 |
_e5008559 _aMAIN |
||
| 041 | _aEnglish | ||
| 082 | _a350.1 K156K(9) | ||
| 100 | _akataria, Surender | ||
| 245 | 0 | _aKarmik prashasan | |
| 250 | _a9th ed. | ||
| 260 |
_aJaipur _bRBSA Publishers _c2021 |
||
| 300 | _axviii, 542 p. | ||
| 500 | _a4827 19/12/2022 RBSA22/279 26/12/279 Main Budget | ||
| 942 | _cBK | ||
| 999 |
_c7417 _d7417 |
||